Electromagnetic Field (Record no. 12539)

000 -LEADER
fixed length control field 00388nam a22001457a 4500
020 ## - INTERNATIONAL STANDARD BOOK NUMBER
International Standard Book Number 9788131767719
082 ## - DEWEY DECIMAL CLASSIFICATION NUMBER
Classification number 530.141 RAJ
100 ## - MAIN ENTRY--PERSONAL NAME
Personal name Raju, G.S.
245 ## - TITLE STATEMENT
Title Electromagnetic Field
260 ## - PUBLICATION, DISTRIBUTION, ETC.
Place of publication, distribution, etc. New Delhi, India
Name of publisher, distributor, etc. Pearson Education
Date of publication, distribution, etc. 2012
300 ## - PHYSICAL DESCRIPTION
Extent Various pages.
Other physical details ill. ;
500 ## - GENERAL NOTE
General note Includes index.
650 ## - SUBJECT ADDED ENTRY--TOPICAL TERM
Topical term or geographic name entry element 1. Electromagnetic fields. 2. Electrodynamics.
942 ## - ADDED ENTRY ELEMENTS (KOHA)
Koha item type Book
Holdings
Withdrawn status Lost status Damaged status Not for loan Collection code Permanent Location Current Location Shelving location Date acquired Source of acquisition Cost, normal purchase price Total Checkouts Total Renewals Full call number Barcode Checked out Date last seen Date last checked out Price effective from Koha item type
          Central Library (CL) Central Library (CL) General Stacks 12/27/2013 Multi-Line Books 610.40 5 6 530.141 RAJ SEECS012886 04/09/2026 03/10/2026 03/10/2026 01/06/2014 Book
© 2023 Central Library, National University of Sciences and Technology. All Rights Reserved.